000 00583nam a22001937a 4500
005 20240327105859.0
008 240327b |||||||| |||| 00| 0 eng d
020 _a9780781794275
082 _a616.8
_bSNE-C
100 _aSnell Richard S.
245 _aClinical Neuroanatomy :
_bInclude online text and interactive Question bank /
_cRichard S. Snell
250 _a7th ed.
260 _aChina :
_bLibrary of congress ;
_c2010.
300 _axviii : 542p. :
_bill ;
_c27 cm.
500 _aInclude Index .
650 _aMedical / Anatomy
700 _aRichard S. Snell
999 _c35485
_d35485